The message is beware. (Record no. 60468)

MARC details
000 -LEADER
fixed length control field 00641cam a2200157 4500
001 - CONTROL NUMBER
control field ABS60821
008 - FIXED-LENGTH DATA ELEMENTS--GENERAL INFORMATION
fixed length control field 000000n1999 000 0 eng u
035 ## - SYSTEM CONTROL NUMBER
System control number (Sirsi) u101319
100 ## - MAIN ENTRY--PERSONAL NAME
Personal name Macharg, M.
245 #4 - TITLE STATEMENT
Title The message is beware.
260 ## - PUBLICATION, DISTRIBUTION, ETC.
Date of publication, distribution, etc. 1999
490 ## - SERIES STATEMENT
Series statement Estates Gazette
Volume/sequential designation (9924) 19 June 1999, 143-145(2)
520 ## - SUMMARY, ETC.
Summary, etc. Highlights the potential pitfalls of e-mail, including questions of confidentiality, copyright, data protection, viruses, defamation and harassment. Cautions that employers are generally vicariously liable for the conduct of their employees.
690 ## - LOCAL SUBJECT ADDED ENTRY--TOPICAL TERM (OCLC, RLIN)
Topical term or geographic name as entry element OFFICE SERVICES AND ADMINISTRATION
942 ## - ADDED ENTRY ELEMENTS (KOHA)
Suppress in OPAC 0
Holdings
Withdrawn status Lost status Source of classification or shelving scheme Damaged status Not for loan Home library Current library Shelving location Date acquired Total Checkouts Full call number Barcode Date last seen Copy number Price effective from Koha item type
    Dewey Decimal Classification     London London Journal article 03/11/1999   ABS60821 101319-1001 06/08/2019 1 06/08/2019 Journal article